Κατάλογος Βιβλιοθηκών Mediterranean College

Culture and Communication / The Logic by which Symbols are Connected (Record no. 2446)

MARC details
000 -LEADER
fixed length control field 01372cam a22001934a 4500
005 - ΗΜΕΡΟΜΗΝΙΑ ΚΑΙ ΩΡΑ ΤΕΛΕΥΤΑΙΑΣ ΕΝΗΜΕΡΩΣΗΣ
Πεδίο ελέγχου 20250605164042.0
008 - FIXED-LENGTH DATA ELEMENTS--GENERAL INFORMATION
Πεδίο ελέγχου σταθερού μήκους 250528s ||||||||||||||||||||||||d
035 ## - SYSTEM CONTROL NUMBER
System control number 17005
020 ## - ISBN
ISBN 52129052
040 ## - ΠΗΓΗ ΚΑΤΑΛΟΓΟΓΡΑΦΗΣΗΣ
Φορέας πρωτότυπης καταλογογράφησης MC Athens Campus Library
Γλώσσα καταλογογράφησης Ελληνικά, Μοντέρνα (1453-)
Modifying agency MC Athens Campus Library
Κανόνες περιγραφικής καταλογογράφησης AACR2
245 1# - ΤΙΤΛΟΣ ΚΑΙ ΔΗΛΩΣΗ ΥΠΕΥΘΥΝΟΤΗΤΑΣ
Τίτλος Culture and Communication / The Logic by which Symbols are Connected
260 ## - PUBLICATION, DISTRIBUTION, ETC.
Name of publisher, distributor, etc. Cambridge University Press,
Date of publication, distribution, etc. 1993
300 ## - PHYSICAL DESCRIPTION
Extent 118
520 ## - SUMMARY, ETC.
Summary, etc. This book provides the prolegomena necessary to understand the final chapter of Levi-Strauss's massive four-volume Mythologies. Introduction, Empiricists and Rationalists: Economic Transactions and Acts of Communication, Problems of Terminology, Objects and Sense-Images and Concepts, Signal and Indices, Transformations, Theories of Magic and Sorcery, The Symbolic Ordering of a Man-Made World: Boundaries of Social Space and Time, The Material Representation of Abstract Ideas: Ritual Condensation, Orchestral Performance as a Metaphor for Ritual Sequence, The Physiological Basis of Sign/ Symbol Sets, Mapping: Time and Space as Reciprocal Representations, Rank Order and Orientation, Examples of Binary Coding, Mating Prescriptions and Proscriptions, Logic and Mytho-Logic, Basic Cosmology, Rites of Transition, The Logic of Sacrifice, Conclusion, Bibliography, Index.
700 1# - ΠΡΟΣΘΕΤΗ ΑΝΑΓΡΑΦΗ--ΦΥΣΙΚΟ ΠΡΟΣΩΠΟ
Personal name Leach Edmund
9 (RLIN) 3134
942 ## - ADDED ENTRY ELEMENTS (KOHA)
Koha item type Books
Holdings
Τύπος τεκμηρίου Βιβλιοθήκη Τρέχουσα τοποθεσία Barcode Αριθμός εισαγωγής Ημερομηνία απόκτησης Ταξιθετικό σύμβολο Αριθμός αντιτύπου Κατάσταση απόσυρσης Κατάσταση χαμένου Κατάσταση κατεστραμμένου Μη δανεισμός Σύνολο δανεισμών Ημερομηνία τελευταίας εμφάνισης Η τιμή ισχύει από
Books MC Athens Campus Library MC Athens Campus Library 9780000024459 6588 05/06/2025 306 LEA 1           05/06/2025 05/06/2025

MC Athens Campus Library
Πατησίων 94 & Κοδριγκτώνος 13, 104 34
Πελλήνης 8 & Πατησίων 107, 112 51
Τ: +30 210 8899600

MC Thessaloniki Campus Library
Ίωνος Δραγούμη 21, 54625 | Ίωνος Δραγούμη 15, 54625
Τ: +30 2310 287779 – Τ: +30 2314 440300